000 00938nmm a2200289 a 4500
001 ocm0001520724
003 TR-IsHL
005 20201028163442.0
008 170206s2015 tu tur
007 cr cn
020 _a9786051627137
035 _a1520724
_b(N$T)
050 0 4 _aBP166.2
_b.D46 2015
090 0 4 _aBP166.2
_b.D46 2015
100 1 _aDemirci, Senai
245 1 0 _aAdı Aşk: yine 99 esma yeni 99 dua
_h[electronic resource] /
_cSenai Demirci
260 _aİstanbul :
_bNesil Yayınları,
_c2015
300 _a289 p.
650 4 _aFelsefe, Psikoloji ve Din
650 4 _aPhilosophy, Psychology and Religion
650 0 _aAllah
_x İsimler
650 0 _aGod (Islam)
_x Names
650 0 _aAllah
_x Sıfatlar
650 0 _aGod (Islam)
_x Attributes
650 7 _aRELIGION / Islam / General
_2bisacsh
856 4 0 _uhttp://search.ebscohost.com/login.aspx?direct=true&scope=site&db=e011xww&AN=1520724
999 _c15337
_d15337